Tìm hiểu đường mòn Hồ Chí Minh - Đường Trường Sơn - Trong kháng chiến chống Mĩ cứu nước
Quá trình phát triển đường mòn Hồ Chí Minh. Vai trò của đường mòn Hồ Chí Minh đối với cách mạng Việt Nam và hai nước Lào - Campuchia.
שמור ב:
| מחבר ראשי: | |
|---|---|
| מחברים אחרים: | |
| פורמט: | ספר |
| שפה: | Vietnamese |
| יצא לאור: |
H.
Đại học Sư phạm
2000
|
| סדרה: | Khóa luận tốt nghiệp khoa Lịch sử. Chuyên ngành: Lịch sử Việt Nam cận hiện đại
|
| נושאים: | |
| תגים: |
הוספת תג
אין תגיות, היה/י הראשונ/ה לתייג את הרשומה!
|
| Thư viện lưu trữ: | Mạng thư viện Đại học Đà Nẵng |
|---|
| LEADER | 01525nam a2200349 4500 | ||
|---|---|---|---|
| 001 | 000012709 | ||
| 003 | 9021 | ||
| 005 | 20120228080224.0 | ||
| 008 | 120227s2000 viesd | ||
| 041 | |a vie | ||
| 072 | |a Khóa luận tốt nghiệp | ||
| 082 | |a 959.7043 |b NG-H | ||
| 100 | |a Nguyễn, Thị Hà |e Tác giả | ||
| 245 | |a Tìm hiểu đường mòn Hồ Chí Minh - Đường Trường Sơn - Trong kháng chiến chống Mĩ cứu nước |c Nguyễn Thị Hà | ||
| 260 | |a H. |b Đại học Sư phạm |c 2000 | ||
| 300 | |a 42 tr. |c 29 cm | ||
| 490 | |a Khóa luận tốt nghiệp khoa Lịch sử. Chuyên ngành: Lịch sử Việt Nam cận hiện đại | ||
| 520 | |a Quá trình phát triển đường mòn Hồ Chí Minh. Vai trò của đường mòn Hồ Chí Minh đối với cách mạng Việt Nam và hai nước Lào - Campuchia. | ||
| 653 | |a Đường mòn Hồ Chí Minh | ||
| 653 | |a Đường Trường Sơn | ||
| 653 | |a Kháng chiến chống Mĩ | ||
| 700 | |a Nguyễn Tiến Hỷ |c Th.S |e Hướng dẫn | ||
| OWN | |a LSP | ||
| AVA | |a UDN50 |b LSP |d 959.7043 NG-H |e available |t Error 5001 Not defined in file expand_doc_bib_avail. |f 1 |g 0 |h N |i 0 |k 1 | ||
| 999 | |a From the UDN01 | ||
| AVA | |a UDN50 |b LSP |d 959.7043 NG-H |e available |t Error 5001 Not defined in file expand_doc_bib_avail. |f 1 |g 0 |h N |i 0 |k 1 | ||
| TYP | |a Monograph | ||
| TYP | |a Printed language | ||
| 980 | |a Mạng thư viện Đại học Đà Nẵng | ||